| 000 | 01029nam a22003017a 4500 | ||
|---|---|---|---|
| 003 | CHAP | ||
| 005 | 20220329135953.0 | ||
| 008 | 971013s1980 r 00010 d | ||
| 010 | _a44923 | ||
| 011 | _a45895 | ||
| 035 | _a50035 | ||
| 040 | _cCHAP | ||
| 090 | _aTesis | ||
| 100 | 0 | 0 |
_aUrrea Ruiz, Jesús Alberto. _9116990 |
| 245 | _aDiversas formas de industrialización tecnificada d ela gallina de postura en México, al finalizar su ciclo productivo | ||
| 260 |
_aMéxico, D.F. : _bEl autor, _c1980 |
||
| 300 | _a59 h. | ||
| 502 | _aTesis (Médico Veterinario Zootecnista) -- UNAM. Fac. de Medicina Veterinaria y Zootecnia | ||
| 590 |
_aALEPH _b10 _c20130110 _lUCH01 _h1314 |
||
| 590 |
_aBATCH-UPD _b10 _c20130110 _lUCH01 _h1622 |
||
| 590 |
_aBATCH-UPD _b10 _c20130410 _lUCH01 _h1017 |
||
| 590 |
_aBATCH-UPD _b10 _c20130914 _lUCH01 _h0849 |
||
| 590 |
_aCONVERSION _b10 _c20130109 _lUCH01 _h1325 |
||
| 650 | 1 | 4 |
_aCarne de pollo _xProcesado. _919169 |
| 901 | _aBK | ||
| 942 | _cTESIS | ||
| 949 |
_bBC _cTES _d-112636 _eTS1 _i50035 _si |
||
| 999 |
_c44923 _d44923 |
||